000 01855cam a22003374a 4500
001 16991963
003 NUST
005 20230130123436.0
008 111006s2012 mdua bf 000 0 eng
010 _a 2011042196
020 _a9781442205697 (pbk. : alk. paper)
020 _a1442205695 (pbk. : alk. paper)
020 _a9781442205703 (alk. paper)
020 _a1442205709 (alk. paper)
035 _a(OCoLC)ocn756377694
040 _aDLC
_cDLC
_dYDX
_dYDXCP
_dBWX
_dCDX
_dIAK
_dBDX
_dDLC
082 0 0 _a808.0042,DAV
_223
100 1 _aDavis, James P.,
_d1954-
_9108034
245 1 4 _aThe Rowman & Littlefield guide to writing with sources /
_cJames P. Davis.
246 3 0 _aGuide to writing with sources
250 _a4th ed.
260 _aLanham, Md. :
_bRowman & Littlefield Publishers,
_cc2012.
300 _ax, 99 p. :
_bill. ;
_c22 cm.
505 0 _aThe challenges of academic writing in the age of misinformation (Page-1), When do you need to acknowledge a source? (Page-21), When should you paraphrase and when should you quote? (Page-29), How should you paraphrase information from a source? (Page-33), How should you quote material from a source? (Page-41), How should you punctuate quotations? (Page-55), How should you select and cite electronic and internet sources? (Page-63), A further note about style manuals (Page-75), Revision checklist for quoting and paraphrasing (Page-81), Appendix: Internet resources (Page-83).
650 0 _aEnglish language
_xRhetoric
_vHandbooks, manuals, etc.
_9108035
650 0 _aResearch
_xMethodology
_vHandbooks, manuals, etc.
_9108036
650 0 _aReport writing
_vHandbooks, manuals, etc.
_9108037
906 _a7
_bcbc
_corignew
_d1
_eecip
_f20
_gy-gencatlg
942 _2ddc
_cBK
_k808.0042,DAV
999 _c593050
_d593050